书目信息 |
| 题名: |
中国最美的老街
|
|
| 作者: | 黄滢 , 马勇 主编 | |
| 分册: | 2 | |
| 出版信息: | 南京 江苏人民出版社 2012.10 |
|
| 页数: | 347页 | |
| 开本: | 31cm | |
| 丛书名: | ||
| 单 册: | ||
| 中图分类: | TU-881.2 | |
| 科图分类: | ||
| 主题词: | 建筑艺术--jian zhu yi shu--中国--图集 | |
| 电子资源: | ||
| ISBN: | 978-7-214-08601-3 | |
| 000 | 01302nam0 2200265 450 | |
| 001 | 0109110137 | |
| 005 | 20201109141422.47 | |
| 010 | @a978-7-214-08601-3@b精装@dCNY298.00 | |
| 100 | @a20121212e20202012em y0chiy50 ea | |
| 101 | 0 | @achi |
| 102 | @aCN@b320000 | |
| 105 | @aa z 000yy | |
| 106 | @ar | |
| 200 | 1 | @a中国最美的老街@Azhong guo zui mei de lao jie@e历史文化街区的规划、设计与经营@h2@dChinese most beautiful old streets@eplanning,designing and operating@h2@f黄滢, 马勇主编@zeng |
| 210 | @a南京@c江苏人民出版社@d2012.10@h2020.07 | |
| 215 | @a347页@c彩照, 图@d31cm | |
| 330 | @a本书致力于在全国范围内臻选最美丽、最具代表性、最有文化气质、最具浓郁地方特色、保存最为完好的传统历史文化老街及商业街区。内容着重以老街的历史、文化、特色建筑、民俗风险、规划设计、老街改造、街区经营推广为主,还特别关注活跃在其间的各种商业状态,并对富有魅力的品牌店面进行深入细致的展示和报导。 | |
| 510 | 1 | @aChinese most beautiful old streets@eplanning,designing and operating@h2@zeng |
| 517 | 1 | @a历史文化街区的规划、设计与经营@Ali shi wen hua jie qu de gui hua、she ji yu jing ying |
| 606 | 0 | @a建筑艺术@Ajian zhu yi shu@y中国@j图集 |
| 690 | @aTU-881.2@v5 | |
| 701 | 0 | @a黄滢@Ahuang ying@4主编 |
| 701 | 0 | @a马勇@Ama yong@4主编 |
| 801 | 0 | @aCN@bBJSZM@c20201103 |
| 905 | @b1213593-4@dTU-881.2@e227:2@f2 | |
| 中国最美的老街:历史文化街区的规划、设计与经营.2=Chinese most beautiful old streets:planning,designing and operating.2/黄滢, 马勇主编.-南京:江苏人民出版社,2012.10(2020.07) |
| 347页:彩照, 图;31cm |
| ISBN 978-7-214-08601-3(精装):CNY298.00 |
| 本书致力于在全国范围内臻选最美丽、最具代表性、最有文化气质、最具浓郁地方特色、保存最为完好的传统历史文化老街及商业街区。内容着重以老街的历史、文化、特色建筑、民俗风险、规划设计、老街改造、街区经营推广为主,还特别关注活跃在其间的各种商业状态,并对富有魅力的品牌店面进行深入细致的展示和报导。 |
| ● |
| 相关链接 |
|
|
|
|
正题名:中国最美的老街
索取号:TU-881.2/227:2
 
预约/预借
| 序号 | 登录号 | 条形码 | 馆藏地/架位号 | 状态 | 备注 |
| 1 | 1213593 | 212135937 | 第二样本阅览室/ [索取号:TU-881.2/227:2] | 在馆 | |
| 2 | 1213594 | 212135946 | 第三借阅区/ [索取号:TU-881.2/227:2] | 在馆 |